Statistics for Largest Cities In Pennsylvania

Click here to take the quiz!

General Stats

  • This quiz has been taken 78 times
  • The average score is 9 of 13

Answer Stats

Pop.City% Correct
1,556,600Philadelphia
100%
302,407Pittsburgh
98%
49,192Harrisburg
95%
121,283Allentown
82%
97,369Erie
80%
77,605Scranton
74%
59,708Lancaster
67%
88,423Reading
62%
40,806Wilkes-Barre
59%
75,707Bethlehem
51%
44,132York
51%
42,430State College
44%
44,098Altoona
39%

Score Distribution

Percentile by Number Answered

Percent of People with Each Score

Your Score History

You have not taken this quiz